| 000 | 00675nam a2200229 a 4500 | ||
|---|---|---|---|
| 001 | 52588 | ||
| 003 | BD-RjUL | ||
| 005 | 20211209075830.0 | ||
| 008 | 160922r19671958enk 001 0 eng | ||
| 035 | _a(BD-RjUL)52708 | ||
| 040 |
_aDLC _cDLC _dMYG _dBD-RjUL _beng |
||
| 041 | 1 | _aeng | |
| 082 |
_223 _a530.11 _bPAT 1967 |
||
| 100 | 1 |
_aPauli, W. _9157255 |
|
| 245 | 1 | 0 |
_aTheory of relativity / _cby W. Pauli ; translated from the German by G. Field. |
| 260 |
_aLondon : _bPergamon Press, _cc1958 [reprinted 1967]. |
||
| 300 |
_axiv, 241 p. ; _c22 cm. |
||
| 500 | _aIncludes index. | ||
| 650 | 0 |
_aRelativity (Physics) _9157256 |
|
| 700 |
_aField, G. _9157257 |
||
| 942 |
_2ddc _cBK |
||
| 999 |
_c52588 _d52588 |
||